Statistics for 25 Best Starting Lineups Ever

Click here to take the quiz!

General Stats

  • This quiz has been taken 47 times
  • The average score is 89 of 125

Answer Stats

TeamsPositionPlayer% Correct
16s CavsSFLeBron James
100%
13s HeatSFLeBron James
100%
63s CelticsCBill Russell
97%
86s CelticsPGDennis Johnson
97%
89s PistonsPFDennis Rodman
97%
96s BullsPFDennis Rodman
97%
13s HeatSGDwyane Wade
97%
83s 76ersSFJulius Erving
97%
98s JazzPFKarl Malone
97%
12s ThunderSFKevin Durant
97%
18s WarriorsSFKevin Durant
97%
01s LakersSGKobe Bryant
97%
16s CavsPGKyrie Irving
97%
86s CelticsSFLarry Bird
97%
87s LakersPGMagic Johnson
97%
96s BullsSGMichael Jordan
97%
92s BullsSGMichael Jordan
97%
83s 76ersCMoses Malone
97%
96s BullsSFScottie Pippen
97%
92s BullsSFScottie Pippen
97%
01s LakersCShaquille O'Neal
97%
16s SpursCTim Duncan
97%
03s SpursPFTim Duncan
97%
87s LakersPFA.C. Green
94%
16s SpursSGDanny Green
94%
16s WarriorsPFDraymond Green
94%
18s WarriorsPFDraymond Green
94%
72s LakersPGJerry West
94%
05s SunsSFJoe Johnson
94%
98s JazzPGJohn Stockton
94%
87s LakersCKareem Abdul-Jabbar
94%
71s BucksCKareem Abdul-Jabbar
94%
08s CelticsPFKevin Garnett
94%
18s WarriorsSGKlay Thompson
94%
16s WarriorsSGKlay Thompson
94%
12s ThunderPGRussell Westbrook
94%
18s WarriorsPGStephen Curry
94%
16s WarriorsPGStephen Curry
94%
13s HeatCChris Bosh
91%
89s PistonsPGIsiah Thomas
91%
08s CelticsSFPaul Pierce
91%
03s SpursPGTony Parker
91%
16s SpursPGTony Parker
91%
03s SpursCDavid Robinson
89%
08s CelticsSGRay Allen
89%
04s PistonsCBen Wallace
86%
16s SpursSFKawhi Leonard
86%
08s CelticsPGRajon Rondo
86%
04s PistonsPFRasheed Wallace
86%
05s SunsPGSteve Nash
86%
72s LakersCWilt Chamberlain
86%
67s 76ersCWilt Chamberlain
86%
63s CelticsSFJohn Havlicek
83%
74s CelticsSFJohn Havlicek
83%
72s LakersPFElgin Baylor
80%
16s CavsPFKevin Love
80%
04s PistonsPGChauncey Billups
77%
01s LakersPGDerek Fisher
77%
96s SonicsPGGary Payton
77%
92s BullsPFHorace Grant
77%
01s LakersPFHorace Grant
77%
86s CelticsPFKevin McHale
77%
96s SonicsPFShawn Kemp
77%
89s PistonsCBill Laimbeer
74%
87s LakersSFJames Worthy
74%
89s PistonsSGJoe Dumars
74%
86s CelticsCRobert Parish
74%
05s SunsCAmar'e Stoudemire
71%
92s BullsCBill Cartwright
71%
63s CelticsPGBob Cousy
71%
71s BucksPFGreg Smith
71%
16s CavsSGJ.R. Smith
71%
13s HeatPGMario Chalmers
71%
71s BucksPGOscar Robertson
71%
12s ThunderCKendrick Perkins
69%
08s CelticsCKendrick Perkins
69%
04s PistonsSGRichard Hamilton
69%
63s CelticsSGSam Jones
69%
96s SonicsCSam Perkins
69%
12s ThunderPFSerge Ibaka
69%
67s 76ersPGWali Jones
69%
18s WarriorsCZaza Pachulia
69%
86s CelticsSGDanny Ainge
66%
96s BullsCLuc Longley
66%
96s BullsPGRon Harper
66%
04s PistonsSFTayshaun Prince
66%
13s HeatPFUdonis Haslem
66%
73s KnicksPGWalt Frazier
66%
73s KnicksCWillis Reed
66%
16s WarriorsSFHarrison Barnes
63%
16s SpursPFLaMarcus Aldridge
63%
16s WarriorsCAndrew Bogut
60%
74s CelticsCDave Cowens
60%
98s JazzSGJeff Hornacek
57%
92s BullsPGJohn Paxson
57%
05s SunsPFShawn Marion
57%
03s SpursSFBruce Bowen
54%
74s CelticsPGJo Jo White
54%
83s 76ersPGMaurice Cheeks
54%
01s LakersSFRick Fox
54%
87s LakersSGByron Scott
49%
73s KnicksPFDave DeBusschere
49%
73s KnicksSGEarl Monroe
49%
03s SpursSGStephen Jackson
49%
67s 76ersPFBilly Cunningham
46%
96s SonicsSFDetlef Schrempf
43%
72s LakersSGGail Goodrich
43%
67s 76ersSGHal Greer
43%
89s PistonsSFMark Aguirre
43%
63s CelticsPFTom Heinsohn
43%
73s KnicksSFBill Bradley
37%
12s ThunderSGThabo Sefolosha
31%
83s 76ersSGAndrew Toney
29%
71s BucksSFBob Dandridge
29%
16s CavsCTimofey Mozgov
26%
05s SunsSGQuentin Richardson
23%
67s 76ersSFChet Walker
20%
96s SonicsSGHersey Hawkins
20%
98s JazzCGreg Foster
17%
72s LakersSFHappy Hairston
17%
98s JazzSFAdam Keefe
9%
71s BucksSGJon McGlocklin
9%
74s CelticsPFPaul Silas
9%
74s CelticsSGDon Chaney
3%
83s 76ersPFMarc Iavaroni
0%

Score Distribution

Percentile by Number Answered

Percent of People with Each Score

Your Score History

You have not taken this quiz